Charakterizácia vlastností solárnych článkov
Saved in:
| Main Author: | |
|---|---|
| Other Authors: | |
| Format: | Manuscript Book |
| Language: | Slovak |
| Published: |
2015
|
| Subjects: | |
| Online Access: | http://is.stuba.sk/zp/portal_zp.pl?podrobnosti=97598 |
| Tags: |
No Tags, Be the first to tag this record!
|
MARC
| LEADER | 00000ntm a22000003a 4500 | ||
|---|---|---|---|
| 001 | stuzp50012 | ||
| 003 | SK-STU | ||
| 005 | 20160719153432.2 | ||
| 007 | ta | ||
| 008 | 150427s2015----xo-----f-mn---000-0-slo-d | ||
| 040 | |a STU |b slo | ||
| 041 | 0 | |a slo | |
| 100 | 1 | |a Kulík, Daniel |u 033000 |4 aut |U FEI Fakulta elektrotechniky a informatiky |T FEI Ústav elektroniky a fotoniky |X 53476 |U E030 |Y 549 |7 53476 | |
| 242 | 0 | 1 | |a Basic characterizations of solar cells |y eng |
| 245 | 1 | 0 | |a Charakterizácia vlastností solárnych článkov |
| 260 | |c 2015 | ||
| 300 | |a 52 s. |b CD-ROM | ||
| 650 | 4 | |a fotovoltaický článok |2 slo | |
| 650 | 4 | |a fotovoltaický panel |2 slo | |
| 650 | 4 | |a slnečné žiarenie |2 slo | |
| 650 | 4 | |a elektrická energia |2 slo | |
| 650 | 4 | |a photovoltaic cell |2 eng | |
| 650 | 4 | |a photovoltaic panel |2 eng | |
| 650 | 4 | |a solar irradiation |2 eng | |
| 650 | 4 | |a electical energy |2 eng | |
| 700 | 1 | |a Kováčová, Soňa |4 ths | |
| 856 | 4 | |u http://is.stuba.sk/zp/portal_zp.pl?podrobnosti=97598 | |
| 996 | |b 284ER01782 |c E*Bc- 1782 |l EE33 |s P |a 0 |w stuzp50012_0001 | ||
| SQL | |a stuzp50012 |b DBP |c SLO |d Charakterizácia vlastností solárnych článkov |e 53476 |f Kulík, Daniel |g 033000 |h 5146 |i Kováčová, Soňa |j 20150706 |k 74 |l 03 |m http://is.stuba.sk/zp/portal_zp.pl?podrobnosti=97598 |n B-AUE |o 5.2.13. elektronika | ||